Smallest 25 U.S. States - Sudden Death - Statistics

General Stats
  • This quiz has been taken 147,055 times
  • The average score is 10 of 25
Answers on the Grid
Answers color-coded by a green-red scale on the quiz's grid according to % correct below.
Alabama
Alaska
Arizona
Arkansas
California
Colorado
Connecticut
Delaware
Florida
Georgia
Hawaii
Idaho
Illinois
Indiana
Iowa
Kansas
Kentucky
Louisiana
Maine
Maryland
Massachusetts
Michigan
Minnesota
Mississippi
Missouri
Montana
Nebraska
Nevada
New Hampshire
New Jersey
New Mexico
New York
North Carolina
North Dakota
Ohio
Oklahoma
Oregon
Pennsylvania
Rhode Island
South Carolina
South Dakota
Tennessee
Texas
Utah
Vermont
Virginia
Washington
West Virginia
Wisconsin
Wyoming
 
Answer Stats
Answer % Correct
Hawaii
71%
Delaware
68%
Rhode Island
68%
Connecticut
65%
Vermont
65%
New Jersey
64%
New Hampshire
63%
Maryland
61%
Massachusetts
56%
Maine
55%
West Virginia
49%
Iowa
38%
South Carolina
35%
Ohio
33%
Arkansas
27%
Virginia
27%
Alabama
26%
Louisiana
26%
New York
25%
Indiana
24%
Tennessee
24%
Kentucky
22%
Mississippi
17%
Pennsylvania
17%
North Carolina
16%
No matching quizzes found
Score Distribution
Percent of People with Each Score
Percentile by Number Answered
Your Score History
You have not taken this quiz